000 006680000a22002290004500
003 LK-CoMWRAF
005 20231109102253.0
008 230817t2005 ||||| |||| 00| 0 eng d
020 _a8186505679
040 _aLK-CoMWRAF
_dLK-CoMWRAF
_eLK-CoMWRAF
041 _aeng
082 _a649.7
_bLOZ
100 _aLozowick, Lee
245 _aConscious Parenting
260 _aNew Delhi:
_bThird Eye,
_c2005
300 _axvi, 368 p. ; 23 cm.
_bBibliography and index included
650 _aPARENTING-Moral and ethical aspects
650 _aChild rearing--Moral and ethical aspects.
650 _aParents--Conduct of life.
650 _aMoral education
942 _cBK
999 _c2200
_d2200